[Event "Vermont op"]
[Site "Burlington USA"]
[Date "1976.02.14"]
[Round "2"]
[White "Brodie, Hugh"]
[Black "Tjio, B."]
[Result "1-0"]
[WhiteElo "1910"]
[BlackElo "1526"]
[PlyCount "99"]
[EventDate "1976.02.15"]
[EventType "swiss"]
[EventRounds "5"]
[EventCountry "USA"]

1. e4 e5 2. Nc3 Nf6 3. f4 d6 4. Nf3 Nbd7 5. Bc4 h6 6. O-O c6 7. Bb3 Be7 8. d3
Nc5 9. Kh1 Nxb3 10. axb3 Qc7 11. Qe2 O-O 12. fxe5 dxe5 13. h3 Kh7 14. Qf2 b6
15. Be3 Be6 16. Nh4 Qd7 17. Nf5 Bxf5 18. Qxf5+ Qxf5 19. Rxf5 Bd6 20. Ne2 a5 21.
Bxb6 Nd7 22. Be3 g6 23. Rf3 f5 24. exf5 gxf5 25. Raf1 f4 26. Bd2 a4 27. bxa4
Rxa4 28. Nc3 Rd4 29. Ne4 Be7 30. g3 fxg3 31. Rxf8 Bxf8 32. Nf6+ Nxf6 33. Rxf6
Bd6 34. Rxh6+ Kg7 35. Be3 Rd5 36. Rh4 Kf6 37. Kg2 e4 38. Rxe4 Kf5 39. Rd4 Rxd4
40. Bxd4 Kf4 41. Bg1 Be5 42. c3 Bd6 43. Bd4 Kg5 44. Be3+ Kh4 45. b4 Be5 46. Bd4
Bd6 47. Bf6+ Kh5 48. Kf3 Bc7 49. d4 Kg6 50. Be5 1-0

[Event "Vermont op"]
[Site "Burlington USA"]
[Date "1976.02.14"]
[Round "3"]
[White "Brodie, Hugh"]
[Black "Frankle, Jon"]
[Result "0-1"]
[WhiteElo "1910"]
[BlackElo "2152"]
[PlyCount "68"]
[EventDate "1976.02.15"]
[EventType "swiss"]
[EventRounds "5"]
[EventCountry "USA"]

1. f4 Nf6 2. Nf3 g6 3. b3 Bg7 4. Bb2 O-O 5. e3 d6 6. Be2 Nbd7 7. O-O e5 8. fxe5
Ng4 9. Qe1 Ngxe5 10. Nc3 d5 11. Nd1 c6 12. Qg3 Qe7 13. a4 Nxf3+ 14. Bxf3 Bxb2
15. Nxb2 Qe5 16. Qxe5 Nxe5 17. Be2 Bf5 18. Nd3 Bxd3 19. Bxd3 Nxd3 20. cxd3 a5
21. Rfb1 Ra6 22. b4 axb4 23. Rxb4 b5 24. a5 Rfa8 25. Rc1 Kf8 26. Rb2 Ke7 27. d4
Kd6 28. Rbc2 Rc8 29. Ra2 c5 30. Kf2 c4 31. Ke2 Rca8 32. Rca1 Kc6 33. Kd1 b4 34.
Kc1 Kb5 0-1

[Event "Vermont op"]
[Site "Burlington USA"]
[Date "1976.02.15"]
[Round "4"]
[White "Anisimov, Andrew"]
[Black "Brodie, Hugh"]
[Result "0-1"]
[WhiteElo "1519"]
[BlackElo "1910"]
[PlyCount "52"]
[EventDate "1976.02.15"]
[EventType "swiss"]
[EventRounds "5"]
[EventCountry "USA"]

1. e4 c5 2. c3 d5 3. e5 Bf5 4. d4 e6 5. Nf3 Nc6 6. Nbd2 Qb6 7. Qb3 Qxb3 8. Nxb3
cxd4 9. Nbxd4 Bg6 10. Bb5 Rc8 11. Nh4 Bc5 12. Nxg6 hxg6 13. Be3 Bb6 14. f4 Ke7
15. Nc2 Bxe3 16. Nxe3 a6 17. Bd3 Nh6 18. Nc2 Na5 19. O-O Nc4 20. Be2 Rc7 21. b3
Nd2 22. Rfd1 Ne4 23. c4 Nc3 24. cxd5 Nxe2+ 25. Kf1 Rxc2 26. d6+ Kd7 0-1

[Event "Vermont op"]
[Site "Burlington USA"]
[Date "1976.02.15"]
[Round "5"]
[White "McCormick, M."]
[Black "Brodie, Hugh"]
[Result "1/2-1/2"]
[WhiteElo "1607"]
[BlackElo "1910"]
[PlyCount "81"]
[EventDate "1976.02.15"]
[EventType "swiss"]
[EventRounds "5"]
[EventCountry "USA"]

1. e4 c5 2. Nf3 Nc6 3. Nc3 g6 4. b3 Bg7 5. Bb2 d6 6. h4 e5 7. Bc4 Nh6 8. Ng5
Nd4 9. Ne2 f6 10. Nxd4 fxg5 11. Bb5+ Kf8 12. Qf3+ Nf7 13. Bc4 Qe7 14. Nb5 g4
15. Qxf7+ Qxf7 16. Bxf7 Kxf7 17. Nxd6+ Ke6 18. Nb5 Ke7 19. h5 Bd7 20. Nc7 Rac8
21. Nd5+ Kd6 22. h6 Bf8 23. Ne3 Be6 24. f4 gxf3 25. gxf3 Rg8 26. Ke2 Be7 27.
Ng4 Bxg4 28. fxg4 Rgf8 29. Raf1 Rxf1 30. Rxf1 Rf8 31. Rf3 Rxf3 32. Kxf3 Bg5 33.
d3 Bxh6 34. Kg3 Bg5 35. Bc3 Ke6 36. b4 cxb4 37. Bxb4 b5 38. Bc5 a6 39. Bb4 Kd7
40. Bc3 Ke6 41. Bb4 1/2-1/2

[Event "Quebec op"]
[Site "Montreal CAN"]
[Date "1975.10.11"]
[Round "1"]
[White "Brodie, Hugh"]
[Black "Tremblay, Claude"]
[Result "1-0"]
[WhiteElo "1910"]
[BlackElo "1698"]
[PlyCount "55"]
[EventDate "1975.10.11"]
[EventType "swiss"]
[EventRounds "6"]
[EventCountry "CAN"]

1. e4 g6 2. d4 Bg7 3. Nc3 c6 4. f4 d5 5. e5 h5 6. Nf3 Nh6 7. Be3 Bg4 8. Be2 e6
9. Qd2 Nd7 10. Nd1 b5 11. Nf2 Bxf3 12. Bxf3 Nf5 13. O-O Nb6 14. b3 a5 15. Nd3
Nxe3 16. Qxe3 Nc8 17. c4 Ne7 18. cxb5 Nf5 19. Qf2 cxb5 20. Rac1 Qb6 21. Nc5 Ke7
22. Rc2 Rhc8 23. Rfc1 Kd8 24. g4 hxg4 25. Bxg4 Ne7 26. Kg2 Rc7 27. Nxe6+ fxe6
28. Rxc7 1-0

[Event "Quebec op"]
[Site "Montreal CAN"]
[Date "1975.10.11"]
[Round "2"]
[White "Williams, Leo"]
[Black "Brodie, Hugh"]
[Result "1-0"]
[WhiteElo "2249"]
[BlackElo "1910"]
[PlyCount "93"]
[EventDate "1975.10.11"]
[EventType "swiss"]
[EventRounds "6"]
[EventCountry "CAN"]

1. Nf3 d6 2. d4 Nf6 3. g3 g6 4. Bg2 Bg7 5. O-O O-O 6. c4 c5 7. d5 e5 8. dxe6
fxe6 9. Nc3 Nc6 10. Bg5 d5 11. cxd5 exd5 12. Ne1 d4 13. Na4 Qd6 14. Rc1 b6 15.
b4 Nd5 16. bxc5 bxc5 17. Nxc5 h6 18. Qb3 Rf5 19. Bf4 Qd8 20. Ned3 Na5 21. Qa4
g5 22. Bd2 Nb7 23. Qc6 Rb8 24. Na6 Ra8 25. Nac5 Ne7 26. Qa4 Nxc5 27. Nxc5 Rb8
28. Qxa7 Rb2 29. Rfd1 Qd6 30. Nd3 Rb6 31. Qc7 Ba6 32. Qxd6 Rxd6 33. Bb4 Re6 34.
Bh3 Rxe2 35. Bxe7 Bxd3 36. Rxd3 Rfxf2 37. a4 Rxh2 38. Bf1 Ra2 39. a5 Rhb2 40.
Ba3 Rb7 41. Bg2 Rb5 42. Rc8+ Kf7 43. Rc7+ Kg8 44. a6 Ra1+ 45. Rc1 Rxc1+ 46.
Bxc1 Rb1 47. a7 1-0

[Event "Quebec op"]
[Site "Montreal CAN"]
[Date "1975.10.12"]
[Round "3"]
[White "Brodie, Hugh"]
[Black "Thouin, Normand"]
[Result "1-0"]
[WhiteElo "1910"]
[BlackElo "1598"]
[PlyCount "105"]
[EventDate "1975.10.11"]
[EventType "swiss"]
[EventRounds "6"]
[EventCountry "CAN"]

1. e4 c6 2. d3 d5 3. Nd2 e5 4. Ngf3 Qc7 5. g3 Nf6 6. Bg2 Be7 7. O-O O-O 8. c3
b6 9. Re1 Bg4 10. Qc2 Nbd7 11. Nf1 Nc5 12. exd5 Bxf3 13. Bxf3 cxd5 14. Ne3 e4
15. dxe4 dxe4 16. Bg2 Rad8 17. Nf5 Rd5 18. Nxe7+ Qxe7 19. f3 Nd3 20. Re2 Nxc1
21. Rxc1 Qc5+ 22. Kh1 exf3 23. Bxf3 Rd7 24. Rce1 Rfd8 25. Re5 Rd2 26. Qxd2 Rxd2
27. Rxc5 bxc5 28. Re2 Rxe2 29. Bxe2 g5 30. Kg2 Kf8 31. Kf3 Ke7 32. Ke3 Kd6 33.
Kd3 Ne8 34. Bh5 Ke7 35. Kc4 Nd6+ 36. Kxc5 Ne4+ 37. Kc6 f5 38. Be2 f4 39. gxf4
gxf4 40. Kd5 Ng5 41. Ke5 f3 42. Bf1 Ne6 43. Ke4 Nc5+ 44. Kxf3 Na4 45. Bb5 Nxb2
46. Ke2 Kd6 47. Kd2 Kc5 48. Kc2 Kxb5 49. Kxb2 Ka4 50. a3 h6 51. h4 h5 52. c4 a5
53. Kc3 1-0

[Event "Quebec op"]
[Site "Montreal CAN"]
[Date "1975.10.12"]
[Round "4"]
[White "Levtchouk, George"]
[Black "Brodie, Hugh"]
[Result "1/2-1/2"]
[WhiteElo "1601"]
[BlackElo "1910"]
[PlyCount "120"]
[EventDate "1975.10.11"]
[EventType "swiss"]
[EventRounds "6"]
[EventCountry "CAN"]

1. Nf3 Nf6 2. c4 c5 3. Nc3 Nc6 4. g3 d5 5. cxd5 Nxd5 6. Bg2 e6 7. O-O Be7 8. d3
O-O 9. Bd2 b6 10. a3 Bb7 11. Qa4 Bf6 12. Rab1 Qe8 13. Rfe1 Nxc3 14. bxc3 Ne7
15. Qc2 Bc6 16. c4 Rd8 17. Ng5 Ng6 18. Bxc6 Qxc6 19. a4 Rb8 20. Nf3 Ne5 21.
Nxe5 Bxe5 22. a5 bxa5 23. Bxa5 Rxb1 24. Rxb1 Rb8 25. Rxb8+ Bxb8 26. Qb2 Bc7 27.
Bc3 f6 28. h4 Qb6 29. Qxb6 Bxb6 30. Kg2 Kf7 31. Kf3 Ke7 32. Ke4 Kd6 33. g4 a5
34. f4 a4 35. h5 Bd8 36. e3 g6 37. hxg6 hxg6 38. d4 a3 39. Kd3 f5 40. g5 a2 41.
Kc2 Ba5 42. Bb2 cxd4 43. Bxd4 a1=Q 44. Bxa1 Kc5 45. Kb3 Bc7 46. Bd4+ Kc6 47.
Kc3 Ba5+ 48. Kd3 Bc7 49. Ke2 Ba5 50. Kf3 Bc7 51. e4 Ba5 52. e5 Bc7 53. Ke3 Bd8
54. Kd3 Bc7 55. Kc3 Ba5+ 56. Kd3 Bd8 57. Be3 Ba5 58. Kc2 Bd8 59. Kb3 Ba5 60.
Ka4 Be1 1/2-1/2

[Event "Quebec op"]
[Site "Montreal CAN"]
[Date "1975.10.13"]
[Round "5"]
[White "Podlone, Charles"]
[Black "Brodie, Hugh"]
[Result "1/2-1/2"]
[WhiteElo "1700"]
[BlackElo "1910"]
[PlyCount "69"]
[EventDate "1975.10.11"]
[EventType "swiss"]
[EventRounds "6"]
[EventCountry "CAN"]

1. Nf3 d6 2. d4 g6 3. e4 Bg7 4. c4 Nf6 5. Nc3 O-O 6. Be2 c5 7. d5 e6 8. Bg5
exd5 9. exd5 h6 10. Be3 Re8 11. h3 a6 12. Qd2 Kh7 13. a4 Nbd7 14. O-O Ne5 15.
Nxe5 Rxe5 16. Bf4 Re8 17. Bd3 Nh5 18. g4 Nxf4 19. Qxf4 Qf6 20. Qxf6 Bxf6 21.
Ne4 Be7 22. f4 f5 23. Nf2 Bh4 24. gxf5 Bxf2+ 25. Kxf2 Bxf5 26. Bxf5 gxf5 27.
Rae1 Kg6 28. Rg1+ Kf7 29. h4 Rxe1 30. Rxe1 Re8 31. Rxe8 Kxe8 32. a5 Kd7 33. Ke3
Kc7 34. Kd3 b6 35. Kc3 1/2-1/2

[Event "Quebec op"]
[Site "Montreal CAN"]
[Date "1975.10.13"]
[Round "6"]
[White "Brodie, Hugh"]
[Black "Lorenz, Denis"]
[Result "1-0"]
[WhiteElo "1910"]
[BlackElo "1700"]
[PlyCount "89"]
[EventDate "1975.10.11"]
[EventType "swiss"]
[EventRounds "6"]
[EventCountry "CAN"]

1. f4 e5 2. fxe5 Qh4+ 3. g3 Qh5 4. Nf3 d6 5. exd6 Bxd6 6. Bg2 Bh3 7. O-O Nf6 8.
Nc3 Nc6 9. d3 O-O-O 10. Ng5 Bxg2 11. Kxg2 h6 12. Nge4 Nxe4 13. Nxe4 Be5 14. e3
Qg6 15. Qf3 f6 16. Qf5+ Qxf5 17. Rxf5 g6 18. Rf2 f5 19. Nd2 Nb4 20. Nc4 Bg7 21.
a3 Nd5 22. Re2 Rhe8 23. e4 fxe4 24. Rxe4 b5 25. Na5 Nf6 26. Rxe8 Rxe8 27. Kf3
Re1 28. Nb3 Nd5 29. c3 Rh1 30. h4 Rh2 31. Bd2 c5 32. Rd1 c4 33. dxc4 bxc4 34.
Nc5 h5 35. Ne4 Kc7 36. Bc1 Kc6 37. Nf2 Bf8 38. Bg5 Bc5 39. Rd2 Bxf2 40. Rxf2
Rxf2+ 41. Kxf2 Nb6 42. Kf3 Kd5 43. g4 hxg4+ 44. Kxg4 Ke6 45. Bc1 1-0

[Event "Langman op"]
[Site "Potsdam NY"]
[Date "1975.09.13"]
[Round "1"]
[White "Spencer, R."]
[Black "Brodie, Hugh"]
[Result "0-1"]
[WhiteElo "1450"]
[BlackElo "1798"]
[PlyCount "88"]
[EventDate "1975.09.13"]
[EventType "swiss"]
[EventRounds "5"]
[EventCountry "USA"]

1. d4 Nf6 2. c4 e5 3. dxe5 Ng4 4. Nf3 Nc6 5. Bf4 Bb4+ 6. Nc3 Qe7 7. e3 Ngxe5 8.
Be2 O-O 9. O-O Bxc3 10. bxc3 d6 11. Nd4 f5 12. Nxc6 Nxc6 13. h3 g5 14. Bh2 f4
15. exf4 gxf4 16. Bf3 Bd7 17. Re1 Qg7 18. Bd5+ Kh8 19. Qf3 Ne5 20. Qe2 c6 21.
Bf3 Bxh3 22. Kh1 Nxf3 23. Qxf3 Bg4 24. Qe4 Bh5 25. Qd3 f3 26. g3 Bg6 27. Qxd6
Rad8 28. Qe5 Bd3 29. g4 Qxe5 30. Rxe5 Bxc4 31. Re7 Rf7 32. Rae1 Kg8 33. Re8+
Rf8 34. R8e7 Rf7 35. Re8+ Rxe8 36. Rxe8+ Rf8 37. Rxf8+ Kxf8 38. Bd6+ Kf7 39. a3
Ke6 40. Bf8 Ke5 41. Kh2 Ke4 42. Kg3 Bd5 43. Bg7 Kd3 44. Kf4 Kc4 0-1

[Event "Langman op"]
[Site "Potsdam NY"]
[Date "1975.09.13"]
[Round "2"]
[White "Brodie, Hugh"]
[Black "Hutchinson, D."]
[Result "1/2-1/2"]
[WhiteElo "1798"]
[BlackElo "1562"]
[PlyCount "40"]
[EventDate "1975.09.13"]
[EventType "swiss"]
[EventRounds "5"]
[EventCountry "USA"]

1. e4 e5 2. Nc3 Nf6 3. f4 d5 4. fxe5 Nxe4 5. Nf3 Be7 6. d4 Bg4 7. Bd3 f5 8.
exf6 Nxf6 9. O-O Nc6 10. Ne2 O-O 11. c3 Bd6 12. Bg5 Bxf3 13. Rxf3 Bxh2+ 14. Kh1
Bd6 15. Nf4 Bxf4 16. Rxf4 h6 17. Bxf6 Rxf6 18. Rxf6 Qxf6 19. Qh5 Qe6 20. Rf1
Ne7 1/2-1/2

[Event "Langman op"]
[Site "Potsdam NY"]
[Date "1975.09.13"]
[Round "3"]
[White "Leimanis, Andris"]
[Black "Brodie, Hugh"]
[Result "0-1"]
[WhiteElo "1762"]
[BlackElo "1798"]
[PlyCount "54"]
[EventDate "1975.09.13"]
[EventType "swiss"]
[EventRounds "5"]
[EventCountry "USA"]

1. e4 c5 2. Nc3 Nc6 3. g3 g6 4. Bg2 Bg7 5. d3 d6 6. f4 e6 7. Nf3 Nge7 8. O-O
O-O 9. Bd2 Rb8 10. Rb1 b5 11. a3 a5 12. a4 b4 13. Nb5 Ba6 14. c4 e5 15. Be3 Nd4
16. Nh4 Bc8 17. h3 f5 18. exf5 Nexf5 19. Nxf5 Bxf5 20. g4 Be6 21. Qd2 Qd7 22.
Be4 Rbe8 23. Qg2 Rc8 24. Rf2 exf4 25. Bxf4 Nxb5 26. axb5 Bd4 27. Rbf1 Rxf4 0-1

[Event "Langman op"]
[Site "Potsdam NY"]
[Date "1975.09.14"]
[Round "4"]
[White "Brodie, Hugh"]
[Black "Smithers, D."]
[Result "1-0"]
[WhiteElo "1798"]
[BlackElo "1479"]
[PlyCount "95"]
[EventDate "1975.09.13"]
[EventType "swiss"]
[EventRounds "5"]
[EventCountry "USA"]

1. e4 c5 2. Nc3 Nc6 3. g3 g6 4. Bg2 Bg7 5. d3 d6 6. f4 e5 7. Nh3 Nf6 8. O-O Bg4
9. Qd2 Qd7 10. Nf2 Be6 11. Qd1 Ng4 12. Nxg4 Bxg4 13. Bf3 Bxf3 14. Qxf3 f6 15.
Nd5 Ne7 16. Ne3 O-O-O 17. Rb1 Rhf8 18. b4 cxb4 19. Rxb4 Nc6 20. Rb1 Nd4 21. Qd1
f5 22. c3 Nc6 23. Nd5 Ne7 24. c4 Nxd5 25. cxd5 b6 26. Be3 Qb7 27. a4 Kd7 28.
Qb3 Qa6 29. fxe5 Bxe5 30. Qb5+ Qxb5 31. axb5 fxe4 32. dxe4 Rxf1+ 33. Kxf1 Kc7
34. Ke2 Rf8 35. Bh6 Rf7 36. Ke3 Bg7 37. Bxg7 Rxg7 38. Rf1 Kb7 39. Kd4 a6 40.
bxa6+ Kxa6 41. e5 dxe5+ 42. Kxe5 Kb7 43. d6 Kc8 44. Ke6 b5 45. Rf8+ Kb7 46. d7
Rxd7 47. Kxd7 b4 48. Rf4 1-0

[Event "Langman op"]
[Site "Potsdam NY"]
[Date "1975.09.14"]
[Round "5"]
[White "Brodie, Hugh"]
[Black "Leimanis, Eriks"]
[Result "1/2-1/2"]
[WhiteElo "1798"]
[BlackElo "1901"]
[PlyCount "76"]
[EventDate "1975.09.13"]
[EventType "swiss"]
[EventRounds "5"]
[EventCountry "USA"]

1. f4 d5 2. b3 Nf6 3. e3 c5 4. Nf3 Bg4 5. Bb2 Nc6 6. Bb5 Rc8 7. O-O a6 8. Bxc6+
Rxc6 9. d3 g6 10. Nbd2 Bg7 11. Qe1 Bxf3 12. Nxf3 O-O 13. Ne5 Rd6 14. Qh4 Nd7
15. d4 e6 16. Qxd8 Rxd8 17. Rf3 Nxe5 18. fxe5 Rc6 19. c3 b5 20. a3 a5 21. b4
cxb4 22. axb4 a4 23. Re1 Rc4 24. e4 dxe4 25. Rxe4 Bh6 26. Re2 Rdc8 27. Rd3 a3
28. Ba1 Bf8 29. Kf2 Ra8 30. Ra2 Bg7 31. Rf3 Bh6 32. Ke2 Ra4 33. Rf1 Rc7 34. Kd3
Bf8 35. Rb1 Kg7 36. Rb3 Rca7 37. Rb1 Rc7 38. Rb3 Rca7 1/2-1/2

[Event "CAN-op"]
[Site "Calgary CAN"]
[Date "1975.07.26"]
[Round "1"]
[White "Anjilvel, Sidharth"]
[Black "Brodie, Hugh"]
[Result "0-1"]
[WhiteElo "1718"]
[BlackElo "1910"]
[PlyCount "104"]
[EventDate "1975.07.26"]
[EventType "swiss"]
[EventRounds "10"]
[EventCountry "CAN"]

1. e4 c5 2. b3 d6 3. Nc3 Nc6 4. f4 g6 5. Bb2 Bg7 6. Nf3 Nf6 7. Bd3 a6 8. a3 e5
9. fxe5 dxe5 10. Qe2 Nh5 11. Nd5 Bg4 12. Qf2 b6 13. Rf1 O-O 14. Nh4 Be6 15.
O-O-O Bxd5 16. exd5 Qxd5 17. g4 Nf4 18. Bc4 Qd6 19. Ng2 Ne6 20. h4 b5 21. Bxe6
fxe6 22. Qe3 Nd4 23. g5 Qd5 24. Rxf8+ Rxf8 25. Ne1 Rf4 26. Nd3 Rf3 27. Qe1
Nxb3+ 28. cxb3 Rxd3 29. Qf2 Rf3 30. Qe2 e4 31. Bxg7 Kxg7 32. Rf1 Rxf1+ 33. Qxf1
Qe5 34. Kc2 Qf5 35. Qe2 Qf3 36. Qh2 Qd3+ 37. Kc1 e3 38. Qe5+ Kf7 39. Qc7+ Ke8
40. Qc8+ Qd8 41. Qxe6+ Qe7 42. Qxe7+ Kxe7 43. dxe3 Ke6 44. Kd2 Ke5 45. Kd3 Kd5
46. a4 Ke5 47. e4 Kf4 48. a5 Ke5 49. Ke3 c4 50. bxc4 bxc4 51. Kd2 Kxe4 52. Kc3
Kd5 0-1

[Event "CAN-op"]
[Site "Calgary CAN"]
[Date "1975.07.27"]
[Round "2"]
[White "Brodie, Hugh"]
[Black "Williams, Douglas"]
[Result "1-0"]
[WhiteElo "1910"]
[BlackElo "1651"]
[PlyCount "131"]
[EventDate "1975.07.26"]
[EventType "swiss"]
[EventRounds "10"]
[EventCountry "CAN"]

1. f4 g6 2. e4 c5 3. Nc3 Bg7 4. g3 d6 5. d3 Nc6 6. Bg2 Bd7 7. Nh3 h5 8. Nf2 e6
9. O-O Nge7 10. Be3 Qa5 11. Qd2 Rb8 12. Ncd1 Qxd2 13. Bxd2 b5 14. c3 O-O 15. h3
b4 16. g4 hxg4 17. hxg4 a5 18. g5 a4 19. Ng4 bxc3 20. bxc3 Rfd8 21. Nf6+ Kf8
22. Re1 Ng8 23. e5 d5 24. Be3 d4 25. Nxd7+ Rxd7 26. Bxc6 Rc7 27. Bxa4 dxe3 28.
Rxe3 Ne7 29. Bb3 Nd5 30. Bxd5 exd5 31. Re2 Ke7 32. Kg2 Ke6 33. a4 Ra7 34. Rea2
Bf8 35. Kf3 Be7 36. Ke3 Bd8 37. Ra3 Ba5 38. Ke2 Rab7 39. R1a2 Rh8 40. d4 Rh2+
41. Kf3 Rh3+ 42. Kg2 Rd3 43. Nf2 Rxc3 44. Rxc3 Bxc3 45. dxc5 Ba5 46. Nd1 Rb4
47. Kf3 Rc4 48. Ne3 Rxc5 49. Rc2 Rxc2 50. Nxc2 Bc3 51. Ke3 Kd7 52. Nd4 Ba5 53.
Nb5 Bb6+ 54. Kd3 Ke6 55. Nd4+ Kd7 56. Nb3 Kc6 57. a5 Bd8 58. Nd4+ Kd7 59. a6
Bb6 60. Nb5 Ke6 61. a7 Bxa7 62. Nxa7 Kf5 63. Ke3 d4+ 64. Kf3 d3 65. Nb5 d2 66.
Nd4# 1-0

[Event "CAN-op"]
[Site "Calgary CAN"]
[Date "1975.07.27"]
[Round "3"]
[White "Watson, John"]
[Black "Brodie, Hugh"]
[Result "1-0"]
[WhiteElo "2344"]
[BlackElo "1910"]
[PlyCount "89"]
[EventDate "1975.07.26"]
[EventType "swiss"]
[EventRounds "10"]
[EventCountry "CAN"]

1. c4 e5 2. Nc3 Nc6 3. g3 g6 4. Bg2 Bg7 5. e3 d6 6. Nge2 f5 7. d3 Nf6 8. Rb1
Be6 9. Nd5 Qd7 10. Nec3 Nd8 11. e4 c6 12. Nxf6+ Bxf6 13. O-O O-O 14. exf5 gxf5
15. f4 Nf7 16. Kh1 Kh8 17. Be3 exf4 18. Bxf4 Ne5 19. Qd2 Rad8 20. Rbe1 Qf7 21.
b3 Bc8 22. d4 Ng6 23. Bh6 Bg7 24. Re2 Bxh6 25. Qxh6 Qg7 26. Qd2 Rf7 27. Ref2
Rdf8 28. Ne2 h5 29. Qg5 Qh7 30. Bh3 h4 31. Bxf5 Bxf5 32. Rxf5 hxg3 33. Nxg3 Ne7
34. Rxf7 Rxf7 35. Rxf7 Qxf7 36. Kg2 d5 37. Qe5+ Qg7 38. Kf3 Ng6 39. Qh5+ Kg8
40. Nf5 Qf6 41. Qxg6+ Qxg6 42. Ne7+ Kf7 43. Nxg6 Kxg6 44. cxd5 cxd5 45. Kf4 1-0

[Event "CAN-op"]
[Site "Calgary CAN"]
[Date "1975.07.28"]
[Round "4"]
[White "Brodie, Hugh"]
[Black "Barkwell, L."]
[Result "1-0"]
[WhiteElo "1910"]
[BlackElo "1722"]
[PlyCount "81"]
[EventDate "1975.07.26"]
[EventType "swiss"]
[EventRounds "10"]
[EventCountry "CAN"]

1. e4 g6 2. f4 Bg7 3. Nc3 d6 4. d4 c6 5. Be3 Qb6 6. Rb1 e5 7. fxe5 dxe5 8. Nf3
Bg4 9. Qd2 exd4 10. Nxd4 Qd8 11. Bc4 Nd7 12. O-O Ne5 13. Bb3 Nf6 14. h3 Bd7 15.
Nf3 Nxf3+ 16. Rxf3 O-O 17. Bg5 Qe7 18. Bxf6 Bxf6 19. Rxf6 Qxf6 20. Qxd7 Rad8
21. Qg4 Rd2 22. Rf1 Qd6 23. Qf4 Qxf4 24. Rxf4 Kg7 25. Rf2 Rd4 26. e5 c5 27. Bd5
b6 28. Kf1 b5 29. Bc6 a6 30. Ke1 Rfd8 31. Re2 b4 32. Ne4 c4 33. Nd6 c3 34. bxc3
bxc3 35. Re3 Rd2 36. Rxc3 Rxg2 37. Bxg2 f6 38. Rc7+ Kf8 39. Rf7+ Kg8 40. Rxf6
Kg7 41. Re6 1-0

[Event "CAN-op"]
[Site "Calgary CAN"]
[Date "1975.07.29"]
[Round "5"]
[White "Jodoin, Pierre"]
[Black "Brodie, Hugh"]
[Result "0-1"]
[WhiteElo "1637"]
[BlackElo "1910"]
[PlyCount "50"]
[EventDate "1975.07.26"]
[EventType "swiss"]
[EventRounds "10"]
[EventCountry "CAN"]

1. e4 e5 2. Nf3 f5 3. d3 d6 4. Be2 Nf6 5. Nc3 Nc6 6. O-O Be7 7. Kh1 O-O 8. exf5
Bxf5 9. Ng1 Nd4 10. f4 Nxe2 11. Qxe2 Bg4 12. Qe1 exf4 13. Rxf4 Qd7 14. Bd2 Rae8
15. Qf2 g5 16. Rxf6 Rxf6 17. Qg3 Qf5 18. Ne4 Rh6 19. c4 c6 20. Nf2 Bh5 21. d4
Rf8 22. Ngh3 Rg6 23. Re1 Bf6 24. Qe3 Bg7 25. g4 Bxg4 0-1

[Event "CAN-op"]
[Site "Calgary CAN"]
[Date "1975.07.30"]
[Round "6"]
[White "Brodie, Hugh"]
[Black "Taylor, Gordon"]
[Result "0-1"]
[WhiteElo "1910"]
[BlackElo "2066"]
[PlyCount "80"]
[EventDate "1975.07.26"]
[EventType "swiss"]
[EventRounds "10"]
[EventCountry "CAN"]

1. f4 c5 2. b3 Nf6 3. e3 d5 4. Nf3 g6 5. Bb2 Bg7 6. Bb5+ Bd7 7. Qe2 O-O 8. Bxd7
Qxd7 9. O-O Nc6 10. d3 d4 11. e4 Ng4 12. Bc1 Rad8 13. Rd1 e5 14. fxe5 Ngxe5 15.
Nxe5 Nxe5 16. h3 f5 17. Nd2 Rde8 18. Rf1 b6 19. Qd1 a6 20. exf5 gxf5 21. Nf3
Ng6 22. Bd2 f4 23. Re1 h6 24. Rxe8 Qxe8 25. Qe1 Qf7 26. Qf2 Ne7 27. Rf1 Nd5 28.
Qe2 Re8 29. Qf2 Kh7 30. Qh4 Qf5 31. Qf2 Bf6 32. Re1 Rg8 33. Kh2 Ne3 34. Bxe3
fxe3 35. Qe2 Be7 36. g4 Qf4+ 37. Kh1 h5 38. gxh5 Rg3 39. Ng1 Qf2 40. h4 Rxg1+
0-1

[Event "CAN-op"]
[Site "Calgary CAN"]
[Date "1975.07.31"]
[Round "7"]
[White "Levtchouk, George"]
[Black "Brodie, Hugh"]
[Result "1-0"]
[WhiteElo "1601"]
[BlackElo "1910"]
[PlyCount "97"]
[EventDate "1975.07.26"]
[EventType "swiss"]
[EventRounds "10"]
[EventCountry "CAN"]

1. Nf3 d6 2. g3 e5 3. Bg2 Nc6 4. d3 g6 5. O-O Bg7 6. c4 f5 7. Nc3 Nge7 8. Rb1
O-O 9. Qc2 Bd7 10. b4 Qc8 11. b5 Nd8 12. a4 h6 13. Ba3 Ne6 14. Nd5 Rf7 15.
Nxe7+ Rxe7 16. c5 dxc5 17. Bxc5 Rf7 18. Rfc1 c6 19. Bd6 Qe8 20. Qb3 Nd8 21. Nd2
Rc8 22. Nc4 Be6 23. Qa3 Bxc4 24. Rxc4 Kh7 25. Rbc1 Bf8 26. Bxf8 Rxf8 27. bxc6
bxc6 28. Bxc6 Rxc6 29. Rxc6 Nxc6 30. Rxc6 Qxc6 31. Qxf8 Qxa4 32. Qf7+ Kh8 33.
Qxg6 Qd1+ 34. Kg2 Qxe2 35. Qxh6+ Kg8 36. Qg6+ Kh8 37. Qxf5 a5 38. Qc8+ Kg7 39.
Qc7+ Kf6 40. Qxa5 Qxd3 41. Qb6+ Ke7 42. Qe3 Qd5+ 43. Kh3 Kd6 44. f3 Qd1 45. Qe4
Qc1 46. f4 Qc8+ 47. g4 exf4 48. Qxf4+ Ke7 49. Qe5+ 1-0

[Event "CAN-op"]
[Site "Calgary CAN"]
[Date "1975.08.01"]
[Round "8"]
[White "Brodie, Hugh"]
[Black "Bussiere, Denis"]
[Result "1/2-1/2"]
[WhiteElo "1910"]
[BlackElo "1690"]
[PlyCount "80"]
[EventDate "1975.07.26"]
[EventType "swiss"]
[EventRounds "10"]
[EventCountry "CAN"]

1. f4 d5 2. b3 Nf6 3. e3 Bf5 4. Bb2 e6 5. Nf3 Nbd7 6. Be2 Bd6 7. O-O Bg6 8. h3
h6 9. d3 Qe7 10. Ne5 Bh7 11. Nd2 Bc5 12. d4 Ba3 13. Qc1 Bxb2 14. Qxb2 Ne4 15.
Nxe4 Bxe4 16. c3 O-O 17. Kh2 Kh7 18. Qd2 Rg8 19. Bd3 f5 20. Bxe4 fxe4 21. Qe2
Raf8 22. Rg1 g5 23. Raf1 gxf4 24. exf4 Nxe5 25. fxe5 Qg7 26. g4 Rxf1 27. Rxf1
Rf8 28. Rxf8 Qxf8 29. Kg3 Kg6 30. h4 a6 31. Qf2 Qxf2+ 32. Kxf2 b5 33. Ke3 Kg7
34. Kd2 Kg6 35. Ke1 Kg7 36. Kf1 Kg6 37. Kg1 Kg7 38. Kg2 Kg6 39. Kf2 Kf7 40. Ke3
Kg7 1/2-1/2

[Event "CAN-op"]
[Site "Calgary CAN"]
[Date "1975.08.02"]
[Round "9"]
[White "Short, R2."]
[Black "Brodie, Hugh"]
[Result "0-1"]
[WhiteElo "1686"]
[BlackElo "1910"]
[PlyCount "110"]
[EventDate "1975.07.26"]
[EventType "swiss"]
[EventRounds "10"]
[EventCountry "CAN"]

1. e4 c5 2. d4 cxd4 3. c3 dxc3 4. Nxc3 Nc6 5. Bc4 d6 6. Nf3 e6 7. O-O a6 8. Re1
Be7 9. Qe2 Nf6 10. Bf4 e5 11. Rad1 Qc7 12. Nd5 Nxd5 13. exd5 Na5 14. Nxe5 dxe5
15. Bxe5 Qxc4 16. Bxg7 Qxe2 17. Rxe2 Rg8 18. Bf6 Be6 19. Bxe7 Kxe7 20. f4 Kf6
21. dxe6 fxe6 22. f5 Rge8 23. g4 exf5 24. Rf2 Re5 25. gxf5 Rae8 26. Rd6+ Kf7
27. Rh6 Re1+ 28. Kg2 R1e2 29. Rxh7+ Kf6 30. Rh6+ Kg7 31. Rg6+ Kf7 32. h4 Rxf2+
33. Kxf2 Rh8 34. Kg3 Rg8 35. h5 Rxg6+ 36. hxg6+ Kf6 37. Kg4 Nc6 38. Kh5 Ne7 39.
Kh6 Nxf5+ 40. Kh7 b6 41. b3 a5 42. a4 Ne7 43. g7 Ke5 44. Kh6 Nf5+ 45. Kg6 Nxg7
46. Kxg7 Kd4 47. Kf6 Kc3 48. Ke5 Kxb3 49. Kd4 Kxa4 50. Kc4 Ka3 51. Kb5 a4 52.
Kc4 b5+ 53. Kc3 b4+ 54. Kc2 Ka2 55. Kc1 b3 0-1

[Event "CAN-op"]
[Site "Calgary CAN"]
[Date "1975.08.03"]
[Round "10"]
[White "Brown, Paul"]
[Black "Brodie, Hugh"]
[Result "1/2-1/2"]
[WhiteElo "1861"]
[BlackElo "1910"]
[PlyCount "81"]
[EventDate "1975.07.26"]
[EventType "swiss"]
[EventRounds "10"]
[EventCountry "CAN"]

1. e4 c5 2. Nf3 Nc6 3. g3 g6 4. Bg2 Bg7 5. d3 d6 6. O-O e5 7. Nc3 Nh6 8. h3 O-O
9. Be3 f5 10. Qd2 Nf7 11. Nd5 Be6 12. Ng5 Nxg5 13. Bxg5 Qd7 14. h4 Rf7 15. Be3
Raf8 16. c3 Ne7 17. f4 fxe4 18. Nxe7+ Qxe7 19. dxe4 exf4 20. Bxf4 Be5 21. Bxe5
dxe5 22. Rxf7 Rxf7 23. a3 Bb3 24. Rf1 Rxf1+ 25. Bxf1 Be6 26. Be2 Kg7 27. Kg2
Qd7 28. Qg5 Qd6 29. h5 Bf7 30. h6+ Kf8 31. Qe3 Ke7 32. g4 b6 33. g5 Qe6 34. Qf3
Qd6 35. Qd3 Qxd3 36. Bxd3 c4 37. Bc2 Kd6 38. Kf2 Kc5 39. Ke2 b5 40. Kd2 a5 41.
Kc1 1/2-1/2